[Event "BL2-Nord 2223"]
[Site "Germany"]
[Date "2023.02.05"]
[Round "6.4"]
[White "Arndt, Magnus"]
[Black "Zierke, Oliver"]
[Result "1-0"]
[WhiteElo "2384"]
[BlackElo "2264"]
[PlyCount "73"]
[EventDate "2022.10.22"]
[EventType "team-tourn"]
[EventRounds "10"]
[EventCountry "GER"]
[SourceTitle "EXT 2024"]
[Source "ChessBase"]
[SourceDate "2023.10.10"]
[SourceVersion "1"]
[SourceVersionDate "2023.10.10"]
[SourceQuality "1"]
[WhiteTeam "Kiel Turm II"]
[BlackTeam "Norderstedt"]
[WhiteTeamCountry "GER"]
[BlackTeamCountry "GER"]

1. e4 c5 2. Nf3 d6 3. Bb5+ Bd7 4. Bxd7+ Qxd7 5. 0-0 Nc6 6. c3 Nf6 7. d4 Nxe4 8. d5 Nd8 9. Re1 Nf6 10. Bg5 e6 11. Bxf6 gxf6 12. Nh4 Be7 13. Qh5 exd5 14. Nf5 Nc6 15. Ng7+ Kf8 16. Nf5 h6 17. f4 d4 18. cxd4 cxd4 19. Nd2 d5 20. Nf3 Re8 21. N3h4 Bb4 22. Red1 Re4 23. Qg4 Rg8 24. Qh5 Rh8 25. a3 Bc5 26. b4 Bb6 27. Qg4 Rg8 28. Qh5 Qe6 29. Qxh6+ Ke8 30. Qh7 d3+ 31. Kh1 Rg4 32. h3 Rxh4 33. Ng7+ Kd7 34. Qxh4 Qd6 35. Qg4+ Kc7 36. Rxd3 Rxf4 37. Ne8+ 1-0

[Event "BL2-Nord 2223"]
[Site "Germany"]
[Date "2022.11.26"]
[Round "3.5"]
[White "Hoeffer, David"]
[Black "Zierke, Oliver"]
[Result "1/2-1/2"]
[WhiteElo "2337"]
[BlackElo "2264"]
[PlyCount "61"]
[EventDate "2022.10.22"]
[EventType "team-tourn"]
[EventRounds "10"]
[EventCountry "GER"]
[SourceTitle "EXT 2024"]
[Source "ChessBase"]
[SourceDate "2023.10.10"]
[SourceVersion "1"]
[SourceVersionDate "2023.10.10"]
[SourceQuality "1"]
[WhiteTeam "Lister Turm"]
[BlackTeam "Norderstedt"]
[WhiteTeamCountry "GER"]
[BlackTeamCountry "GER"]

1. d4 d5 2. Nc3 Nf6 3. Bf4 Bf5 4. e3 e6 5. Bd3 Bg6 6. h4 a6 7. h5 Bxd3 8. Qxd3 h6 9. Nf3 Bd6 10. Ne5 Nbd7 11. f3 Qe7 12. 0-0-0 0-0-0 13. Na4 Kb8 14. Nc6+ bxc6 15. Qxa6 c5 16. Qb5+ Kc8 17. Qa6+ Kb8 18. Qb5+ Kc8 19. Bxd6 cxd6 20. Rd3 Kc7 21. Qa5+ Kc6 22. Qa6+ Kc7 23. Qa7+ Kc6 24. Qa6+ Kc7 25. Qa7+ Kc6 26. Rb3 Rb8 27. Qa6+ Kc7 28. Qa7+ Kc6 29. Qa6+ Kc7 30. Qa7+ Kc6 31. Qa6+ 1/2-1/2

[Event "BL2-Nord 2223"]
[Site "Germany"]
[Date "2022.10.23"]
[Round "2.4"]
[White "Colpe, Malte"]
[Black "Zierke, Oliver"]
[Result "1/2-1/2"]
[WhiteElo "2358"]
[BlackElo "2264"]
[PlyCount "93"]
[EventDate "2022.10.22"]
[EventType "team-tourn"]
[EventRounds "10"]
[EventCountry "GER"]
[SourceTitle "EXT 2024"]
[Source "ChessBase"]
[SourceDate "2023.10.10"]
[SourceVersion "1"]
[SourceVersionDate "2023.10.10"]
[SourceQuality "1"]
[WhiteTeam "Hamburger SK II"]
[BlackTeam "Norderstedt"]
[WhiteTeamCountry "GER"]
[BlackTeamCountry "GER"]

1. d4 d5 2. c4 e6 3. Nc3 c5 4. cxd5 exd5 5. Nf3 Nc6 6. dxc5 d4 7. Na4 Bxc5 8. Nxc5 Qa5+ 9. Bd2 Qxc5 10. b4 Nxb4 11. Rc1 Qd6 12. e3 Ne7 13. Nxd4 0-0 14. Bc4 Nbc6 15. Bc3 Nxd4 16. Bxd4 Qb4+ 17. Kf1 Nf5 18. Qb3 Qxb3 19. Bxb3 Nxd4 20. exd4 Rd8 21. d5 a5 22. a3 a4 23. Ba2 Bg4 24. f3 Rac8 25. Ke2 Bf5 26. Ke3 Kf8 27. Kd4 Ke7 28. g4 Bc2 29. Bc4 Bb3 30. Bxb3 axb3 31. Rxc8 Rxc8 32. Rb1 b5 33. Rxb3 Rc4+ 34. Ke3 Rc5 35. Rd3 Kd6 36. Ke4 Rc2 37. h4 Re2+ 38. Kf4 Re5 39. Rd4 Rxd5 40. Ke4 Rxd4+ 41. Kxd4 Kc6 42. f4 Kd6 43. g5 g6 44. Ke4 Ke6 45. Kd4 Kd6 46. Ke4 Ke6 47. Kd4 1/2-1/2

[Event "Solta op 5th"]
[Site "Grohote"]
[Date "2022.07.09"]
[Round "8"]
[White "Zierke, Oliver"]
[Black "Cupic, Lovro"]
[Result "1/2-1/2"]
[WhiteElo "2252"]
[BlackElo "2250"]
[PlyCount "42"]
[EventDate "2022.07.02"]
[EventType "swiss"]
[EventRounds "9"]
[EventCountry "CRO"]
[SourceTitle "EXT 2023"]
[Source "ChessBase"]
[SourceDate "2022.10.05"]
[SourceVersion "1"]
[SourceVersionDate "2022.10.05"]
[SourceQuality "1"]

1. d4 Nf6 2. Nf3 g6 3. c4 Bg7 4. Nc3 d5 5. cxd5 Nxd5 6. e4 Nxc3 7. bxc3 c5 8. Be3 Qa5 9. Qd2 0-0 10. Rc1 cxd4 11. cxd4 Qxd2+ 12. Nxd2 f5 13. Bc4+ Kh8 14. exf5 gxf5 15. g3 Nc6 16. Nf3 Na5 17. Bd5 e6 18. Bd2 exd5 19. Bxa5 f4 20. Ne5 Be6 21. 0-0 fxg3 1/2-1/2

[Event "Solta op 5th"]
[Site "Grohote"]
[Date "2022.07.04"]
[Round "3"]
[White "Grochtmann, Stephan"]
[Black "Zierke, Oliver"]
[Result "0-1"]
[WhiteElo "2010"]
[BlackElo "2252"]
[PlyCount "34"]
[EventDate "2022.07.02"]
[EventType "swiss"]
[EventRounds "9"]
[EventCountry "CRO"]
[SourceTitle "EXT 2023"]
[Source "ChessBase"]
[SourceDate "2022.10.05"]
[SourceVersion "1"]
[SourceVersionDate "2022.10.05"]
[SourceQuality "1"]

1. f4 d5 2. Nf3 Nf6 3. g3 g6 4. Bg2 Bg7 5. d3 0-0 6. 0-0 c5 7. c3 Nc6 8. Qe1 b6 9. e4 dxe4 10. dxe4 Ba6 11. Rf2 e5 12. Nh4 exf4 13. e5 Nxe5 14. Bxa8 Nd3 15. Qf1 Qxa8 16. Rd2 Qe4 17. Ng2 f3 0-1

[Event "Pula op 33rd"]
[Site "Pula"]
[Date "2019.06.29"]
[Round "9"]
[White "Fercec, Nenad"]
[Black "Zierke, Oliver"]
[Result "1-0"]
[WhiteElo "2446"]
[BlackElo "2227"]
[PlyCount "81"]
[EventDate "2019.06.22"]
[EventType "swiss"]
[EventRounds "9"]
[EventCountry "CRO"]
[SourceTitle "CBM 191 Extra"]
[Source "ChessBase"]
[SourceDate "2019.09.30"]
[SourceVersion "1"]
[SourceVersionDate "2019.09.30"]
[SourceQuality "1"]

1. e4 c5 2. Nf3 d6 3. d4 cxd4 4. Nxd4 Nf6 5. Nc3 Nc6 6. Bg5 e6 7. Qd2 Be7 8. 0-0-0 0-0 9. f4 h6 10. Bh4 e5 11. Nf5 Bxf5 12. exf5 exf4 13. Kb1 d5 14. Bxf6 Bxf6 15. Nxd5 Be5 16. c3 Ne7 17. Bc4 Nxd5 18. Qxd5 Qf6 19. Rhe1 Rad8 20. Qe4 Rxd1+ 21. Rxd1 Rd8 22. Bd5 b5 23. a3 a5 24. Rd3 Bd6 25. Bb3 Rc8 26. Qd5 Be5 27. Qxb5 Rb8 28. Qc4 Qxf5 29. Ka2 g5 30. Rd5 Qf6 31. Rxa5 Kg7 32. Qe4 Re8 33. Ra7 Re7 34. Rxe7 Qxe7 35. h3 Qf6 36. a4 h5 37. Qe2 Kg6 38. a5 Bb8 39. Qe8 Ba7 40. Qg8+ Kf5 41. Bxf7 1-0

[Event "Pula op 33rd"]
[Site "Pula"]
[Date "2019.06.28"]
[Round "8"]
[White "Zierke, Oliver"]
[Black "Saradjen, Janko"]
[Result "1-0"]
[WhiteElo "2227"]
[BlackElo "1971"]
[PlyCount "103"]
[EventDate "2019.06.22"]
[EventType "swiss"]
[EventRounds "9"]
[EventCountry "CRO"]
[SourceTitle "CBM 191 Extra"]
[Source "ChessBase"]
[SourceDate "2019.09.30"]
[SourceVersion "1"]
[SourceVersionDate "2019.09.30"]
[SourceQuality "1"]

1. d4 g6 2. c4 Bg7 3. e4 d6 4. Nc3 Nc6 5. Be3 e5 6. d5 Nce7 7. g4 h5 8. g5 f5 9. gxf6 Nxf6 10. h4 0-0 11. f3 c6 12. Qd2 cxd5 13. cxd5 Bd7 14. 0-0-0 Qa5 15. Kb1 Rab8 16. Nb5 Qxd2 17. Bxd2 Bxb5 18. Bxb5 a6 19. Be2 Rfc8 20. Bb4 Ne8 21. Bf1 b5 22. Bh3 Rc4 23. a3 Rb7 24. Ne2 Ra7 25. b3 Rcc7 26. Ba5 Rcb7 27. Nc1 Bh6 28. Nd3 Be3 29. Nb4 Bb6 30. Nc6 Bxa5 31. Nxa5 Rc7 32. Rc1 Kg7 33. Nc6 Ra8 34. Rhg1 Kh6 35. Rc2 Nf6 36. Be6 Neg8 37. Rcg2 Rg7 38. Bf5 Ng4 39. fxg4 gxf5 40. gxf5 Rxg2 41. Rxg2 Rf8 42. Rg6+ Kh7 43. Kc2 Rf6 44. Ne7 Rxg6 45. fxg6+ Kg7 46. Nxg8 Kxg8 47. Kc3 a5 48. a4 bxa4 49. bxa4 Kg7 50. Kc4 Kxg6 51. Kb5 Kf7 52. Kxa5 1-0

[Event "Pula op 30th"]
[Site "Pula"]
[Date "2016.09.15"]
[Round "7"]
[White "Krsnik Cohar, Ivan Vihor"]
[Black "Zierke, Oliver"]
[Result "1/2-1/2"]
[WhiteElo "2330"]
[BlackElo "2238"]
[PlyCount "82"]
[EventDate "2016.09.10"]
[EventType "swiss"]
[EventRounds "9"]
[EventCountry "CRO"]
[SourceTitle "CBM 174 Extra"]
[Source "ChessBase"]
[SourceDate "2016.10.10"]
[SourceVersion "1"]
[SourceVersionDate "2016.10.10"]
[SourceQuality "1"]

1. d4 Nf6 2. Bf4 e6 3. e3 Be7 4. Nd2 b6 5. Bd3 c5 6. c3 0-0 7. Qe2 Bb7 8. Ngf3 d5 9. 0-0 Nbd7 10. Rad1 Ne4 11. Ne5 Nxd2 12. Rxd2 Nxe5 13. Bxe5 f5 14. f4 Bf6 15. Rf3 Bxe5 16. fxe5 Rf7 17. Rh3 g6 18. Qf2 Qg5 19. Rg3 Qh6 20. Rh3 Qg5 21. Rh4 a5 22. Rf4 c4 23. Be2 b5 24. h4 Qe7 25. g4 Kh8 26. gxf5 gxf5 27. Kh2 Rg7 28. Bf3 Bc6 29. Qe1 Rag8 30. Rg2 Be8 31. Qe2 Bh5 32. Rxg7 Qxg7 33. Qf2 Bxf3 34. Rxf3 Qg4 35. Rf4 Qd1 36. Qf1 Qd2+ 37. Qf2 Qc1 38. a3 Rg6 39. Rf3 Rg4 40. Rf4 Rg6 41. Rf3 Rg4 1/2-1/2

[Event "Pula op 30th"]
[Site "Pula"]
[Date "2016.09.13"]
[Round "4"]
[White "Zierke, Oliver"]
[Black "Srbis, Jurica"]
[Result "0-1"]
[WhiteElo "2238"]
[BlackElo "2415"]
[PlyCount "82"]
[EventDate "2016.09.10"]
[EventType "swiss"]
[EventRounds "9"]
[EventCountry "CRO"]
[SourceTitle "CBM 174 Extra"]
[Source "ChessBase"]
[SourceDate "2016.10.10"]
[SourceVersion "1"]
[SourceVersionDate "2016.10.10"]
[SourceQuality "1"]

1. d4 Nf6 2. Nf3 e6 3. Bg5 h6 4. Bh4 b6 5. e3 Bb7 6. Bd3 g5 7. Bg3 g4 8. Nh4 Rg8 9. Nd2 Nh5 10. Be2 Qg5 11. c3 Be7 12. Qa4 f5 13. 0-0-0 f4 14. exf4 Nxf4 15. Rhe1 Nxe2+ 16. Rxe2 Nc6 17. f3 0-0-0 18. fxg4 Qxg4 19. Nhf3 h5 20. Rde1 Bf6 21. Ne4 Bg7 22. Kb1 Kb8 23. Ka1 Rdf8 24. Qa3 Bh6 25. d5 exd5 26. Bxc7+ Kxc7 27. Qd6+ Kd8 28. Nf6 Bf4 29. Ne5 Bxe5 30. Rxe5 Rxf6 31. Qxf6+ Kc8 32. Rxd5 Qxg2 33. Qf7 Rd8 34. Qxh5 Nb4 35. Rg5 Qf2 36. Rc1 Nc2+ 37. Kb1 Be4 38. Rgg1 a6 39. Qg4 Na3+ 40. Ka1 Nc4 41. Rb1 Ne3 0-1

[Event "Bundesliga 1516"]
[Site "Germany"]
[Date "2016.02.20"]
[Round "8.8"]
[White "Zumsande, Martin"]
[Black "Zierke, Oliver"]
[Result "1-0"]
[WhiteElo "2422"]
[BlackElo "2242"]
[PlyCount "89"]
[EventDate "2015.09.18"]
[EventType "team-tourn"]
[EventRounds "15"]
[EventCountry "GER"]
[SourceTitle "CBM 171"]
[Source "ChessBase"]
[SourceDate "2016.03.14"]
[SourceVersion "2"]
[SourceVersionDate "2016.03.14"]
[SourceQuality "1"]
[WhiteTeam "Emsdetten Turm"]
[BlackTeam "Norderstedt"]
[WhiteTeamCountry "GER"]
[BlackTeamCountry "GER"]

1. e4 c5 2. c3 d5 3. exd5 Qxd5 4. d4 e6 5. Nf3 cxd4 6. cxd4 Nf6 7. a3 Nc6 8. Nc3 Qd6 9. Bd3 Be7 10. Be3 0-0 11. 0-0 b6 12. Qe2 Bb7 13. Rad1 Rad8 14. Bb1 Rfe8 15. Rfe1 Qb8 16. Qc2 g6 17. Ba2 Nd5 18. Nxd5 exd5 19. Ne5 Nxe5 20. dxe5 Bc5 21. Bf4 a5 22. Qd2 Qa8 23. Bg5 Be7 24. e6 fxe6 25. Rxe6 Bxg5 26. Rxe8+ Rxe8 27. Qxg5 Qd8 28. Qg3 Qf6 29. h4 Qe5 30. Qf3 Rd8 31. Qb3 Rd6 32. Qc2 Rd7 33. Qd2 Kg7 34. Re1 Qf6 35. h5 gxh5 36. Re3 h4 37. Rf3 Qe5 38. Rf4 Rd6 39. Rxh4 d4 40. Bb1 d3 41. Bxd3 h6 42. Rg4+ Kh8 43. Rg3 Ba6 44. Qc1 Qc5 45. Qf4 1-0

[Event "Pula op 29th"]
[Site "Pula"]
[Date "2015.06.16"]
[Round "4"]
[White "Zierke, Oliver"]
[Black "Baumegger, Siegfried"]
[Result "0-1"]
[WhiteElo "2258"]
[BlackElo "2455"]
[PlyCount "114"]
[EventDate "2015.06.13"]
[EventType "swiss"]
[EventRounds "9"]
[EventCountry "CRO"]
[SourceTitle "CBM 167 Extra"]
[Source "ChessBase"]
[SourceDate "2015.09.14"]
[SourceVersion "1"]
[SourceVersionDate "2015.09.14"]
[SourceQuality "1"]

1. d4 Nf6 2. Nf3 d5 3. c4 e6 4. Nc3 Bb4 5. cxd5 exd5 6. Bg5 h6 7. Bxf6 Qxf6 8. Qa4+ Nc6 9. e3 0-0 10. Be2 a6 11. 0-0 Be6 12. Rfc1 Bd6 13. Qd1 Ne7 14. Na4 b6 15. b4 Rfb8 16. a3 c6 17. Qd2 Bd7 18. Nc3 b5 19. Ne1 Nc8 20. Nd3 Nb6 21. Nc5 Bc8 22. a4 Nc4 23. Bxc4 bxc4 24. Rab1 Bf5 25. Rb2 Qe7 26. a5 Qc7 27. g3 Bxc5 28. dxc5 Bd3 29. Na4 Re8 30. Qc3 Rad8 31. Rd2 Be4 32. Qd4 Qb7 33. Rb2 Qd7 34. Nc3 Qh3 35. Nxe4 Rxe4 36. Qd2 Rde8 37. Qd1 Qf5 38. Rd2 Qf6 39. Kg2 Rb8 40. Rb1 Qc3 41. Rdb2 Qe5 42. Qc2 h5 43. h4 g6 44. Rc1 Qf6 45. Rcb1 Re7 46. Qc1 Rbe8 47. Qc2 c3 48. Ra2 d4 49. exd4 Qxd4 50. Rd1 Qxb4 51. Qd3 Qxc5 52. Rc1 Qb5 53. Rxc3 Re5 54. Qf3 Re4 55. Rac2 Re1 56. Qxc6 Qf1+ 57. Kh2 R8e4 0-1

[Event "GER CupT V1"]
[Site "Berlin"]
[Date "2015.01.11"]
[Round "2.4"]
[White "Perez de Miguel, Alvaro"]
[Black "Zierke, Oliver"]
[Result "1/2-1/2"]
[WhiteElo "2182"]
[BlackElo "2264"]
[PlyCount "131"]
[EventDate "2015.01.10"]
[EventType "team-k.o."]
[EventRounds "2"]
[EventCountry "GER"]
[SourceTitle "EXT 2019"]
[Source "ChessBase"]
[SourceDate "2018.10.10"]
[SourceVersion "1"]
[SourceVersionDate "2018.10.10"]
[SourceQuality "1"]
[WhiteTeam "Hamburg St Pauli"]
[BlackTeam "Norderstedt"]
[WhiteTeamCountry "GER"]
[BlackTeamCountry "GER"]

1. d4 d5 2. c4 e6 3. Nc3 c5 4. e3 Nf6 5. Nf3 a6 6. b3 cxd4 7. exd4 Bb4 8. Bd2 dxc4 9. bxc4 0-0 10. Ne4 Bxd2+ 11. Nexd2 Nc6 12. Nb3 a5 13. Bd3 a4 14. Nc1 Qa5+ 15. Qd2 Rd8 16. Qxa5 Rxa5 17. Ne2 Nb4 18. Nc1 e5 19. dxe5 Ng4 20. Be4 Nxe5 21. Rb1 Nbc6 22. 0-0 Nxc4 23. Nd3 Ne7 24. Nf4 g5 25. Rb4 Nd6 26. Ne2 g4 27. Nd2 Re5 28. Ng3 Nxe4 29. Ndxe4 f5 30. Nf6+ Kf7 31. Nfh5 b5 32. f3 Nc6 33. Rb2 gxf3 34. Rxf3 Rd4 35. Rc2 Rc4 36. Rd2 Be6 37. Nf4 Rc1+ 38. Kf2 Bc4 39. Nd3 Bxd3 40. Rfxd3 Ne7 41. a3 Rec5 42. Ke3 R1c3 43. Ke2 Rxd3 44. Rxd3 Rc2+ 45. Rd2 Rxd2+ 46. Kxd2 Ke6 47. Kc3 Nd5+ 48. Kd3 Ke5 49. Nf1 f4 50. Nd2 Ne3 51. Nf3+ Kd5 52. Nd4 Kc5 53. Ne6+ Kb6 54. Nxf4 Nc4 55. h4 Nxa3 56. g4 Nc4 57. Kc3 Ne5 58. g5 Nf3 59. Kb4 Nxh4 60. Nd5+ Kc6 61. Nf6 Kd6 62. Nxh7 Nf5 63. Nf6 Ke6 64. Ne4 Nd6 65. Nc5+ Kf5 66. Nxa4 1/2-1/2

[Event "Pula op 28th"]
[Site "Pula"]
[Date "2014.06.14"]
[Round "9"]
[White "Maier, Christian"]
[Black "Zierke, Oliver"]
[Result "1/2-1/2"]
[WhiteElo "2369"]
[BlackElo "2253"]
[PlyCount "89"]
[EventDate "2014.06.07"]
[EventType "swiss"]
[EventRounds "9"]
[EventCountry "CRO"]
[SourceTitle "CBM 160 Extra"]
[Source "ChessBase"]
[SourceDate "2014.07.01"]
[SourceVersion "1"]
[SourceVersionDate "2014.07.01"]
[SourceQuality "1"]

1. e4 c5 2. Nf3 d6 3. Bb5+ Bd7 4. c4 Nc6 5. Nc3 Nf6 6. 0-0 e6 7. d4 cxd4 8. Nxd4 Be7 9. Be3 0-0 10. h3 a6 11. Bxc6 Bxc6 12. Qc2 Rc8 13. Rfd1 Qc7 14. Rac1 Rfe8 15. a4 b6 16. Nxc6 Qxc6 17. b3 Qb7 18. Rd3 h6 19. Bd4 d5 20. cxd5 exd5 21. e5 Ne4 22. Qb2 Bb4 23. Rcd1 Bxc3 24. Bxc3 Rxc3 25. Rxc3 Nxc3 26. Qxc3 Rc8 27. Qd4 Rc5 28. Rd3 Qc6 29. Kh2 g6 30. Rf3 Qd7 31. Qf4 Qe7 32. Qd4 Qd7 33. Re3 Qe6 34. Rf3 Rc6 35. h4 h5 36. Kg3 a5 37. Rf4 Qd7 38. Kh2 Re6 39. Rf3 Qe7 40. g3 Qc5 41. Qf4 Qc7 42. Re3 Qc5 43. Rf3 Qc7 44. Re3 Qc5 45. Rf3 1/2-1/2

[Event "Pula op 28th"]
[Site "Pula"]
[Date "2014.06.12"]
[Round "7"]
[White "Kersic, Matej"]
[Black "Zierke, Oliver"]
[Result "1/2-1/2"]
[WhiteElo "2159"]
[BlackElo "2253"]
[PlyCount "55"]
[EventDate "2014.06.07"]
[EventType "swiss"]
[EventRounds "9"]
[EventCountry "CRO"]
[SourceTitle "CBM 160 Extra"]
[Source "ChessBase"]
[SourceDate "2014.07.01"]
[SourceVersion "1"]
[SourceVersionDate "2014.07.01"]
[SourceQuality "1"]

1. e4 c5 2. Nf3 Nc6 3. d4 cxd4 4. Nxd4 Nf6 5. Nc3 d6 6. Bg5 e6 7. Qd2 Be7 8. 0-0-0 0-0 9. f4 h6 10. Bh4 e5 11. Nxc6 bxc6 12. fxe5 dxe5 13. Qxd8 Rxd8 14. Rxd8+ Bxd8 15. Bc4 Kf8 16. Rf1 Ke7 17. Na4 Bb6 18. Bxf6+ gxf6 19. Rf3 Bg1 20. h3 h5 21. Kd2 Bd7 22. Ke2 h4 23. Rb3 Rg8 24. Kf1 Bd4 25. c3 Be3 26. Rb7 Rg7 27. Ke2 Bg1 28. Kf1 1/2-1/2

[Event "Pula op 28th"]
[Site "Pula"]
[Date "2014.06.10"]
[Round "4"]
[White "Zierke, Oliver"]
[Black "Lizak, Peter"]
[Result "1/2-1/2"]
[WhiteElo "2253"]
[BlackElo "2401"]
[PlyCount "72"]
[EventDate "2014.06.07"]
[EventType "swiss"]
[EventRounds "9"]
[EventCountry "CRO"]
[SourceTitle "CBM 160 Extra"]
[Source "ChessBase"]
[SourceDate "2014.07.01"]
[SourceVersion "1"]
[SourceVersionDate "2014.07.01"]
[SourceQuality "1"]

1. d4 e6 2. Nf3 c5 3. e3 Nf6 4. c4 d5 5. Nc3 Nc6 6. a3 a6 7. dxc5 Bxc5 8. b4 Ba7 9. Bb2 0-0 10. Qc2 Qe7 11. Rd1 Rd8 12. cxd5 exd5 13. b5 axb5 14. Nxb5 Bb6 15. Be2 Ne4 16. 0-0 Bf5 17. Qb3 Na5 18. Qa2 Be6 19. Bd4 Bxd4 20. Nfxd4 Rac8 21. Rc1 Nc4 22. Rfd1 Qf6 23. Bxc4 dxc4 24. Nxe6 Rxd1+ 25. Rxd1 Qxe6 26. Nc7 Nc3 27. Nxe6 Nxa2 28. Nd4 Kf8 29. Kf1 Ra8 30. Nc2 Nc3 31. Rd7 b5 32. Rb7 g6 33. g4 Kg7 34. g5 Kf8 35. h4 Ra5 36. Kg2 Nb1 1/2-1/2

[Event "BL2-Nord 1314"]
[Site "Germany"]
[Date "2013.12.15"]
[Round "4.8"]
[White "Zierke, Oliver"]
[Black "Cremer, Jan Paul"]
[Result "1/2-1/2"]
[WhiteElo "2260"]
[BlackElo "2193"]
[PlyCount "80"]
[EventDate "2013.10.13"]
[EventType "team-tourn"]
[EventRounds "9"]
[EventCountry "GER"]
[SourceTitle "EXT 2015"]
[Source "ChessBase"]
[SourceDate "2014.11.20"]
[SourceVersion "1"]
[SourceVersionDate "2014.11.20"]
[SourceQuality "1"]
[WhiteTeam "Norderstedt"]
[BlackTeam "Berlin SF II"]
[WhiteTeamCountry "GER"]
[BlackTeamCountry "GER"]

1. d4 Nf6 2. Nf3 g6 3. Bg5 Bg7 4. Nbd2 d5 5. e3 0-0 6. c3 Nbd7 7. b4 b6 8. Be2 c5 9. bxc5 bxc5 10. Qa4 Re8 11. 0-0 c4 12. Rab1 h6 13. Bf4 Nb6 14. Qa5 Bf5 15. Rb2 g5 16. Bg3 Qd7 17. Rb4 Rec8 18. Ne5 Qe8 19. Ra1 Nfd7 20. Nexc4 Be6 21. Nb2 Rxc3 22. Rxb6 Rac8 23. Rb3 Rc2 24. Bd3 R2c6 25. Bb5 Rc2 26. Bd3 R2c6 27. Re1 Nb6 28. Bb5 Rc1 29. Bxe8 Rxe1+ 30. Nf1 Rcc1 31. Qxe1 Rxe1 32. f3 Ra1 33. a4 Nc4 34. Nxc4 dxc4 35. Rc3 Bf5 36. Kf2 Bd3 37. Nd2 Ra2 38. Ke1 Ra1+ 39. Kf2 Ra2 40. Ke1 Ra1+ 1/2-1/2

[Event "Naujac op"]
[Site "Naujac"]
[Date "2013.07.04"]
[Round "6"]
[White "Favarel, Antoine"]
[Black "Zierke, Oliver"]
[Result "1-0"]
[WhiteElo "2347"]
[BlackElo "2259"]
[PlyCount "65"]
[EventDate "2013.06.30"]
[EventType "swiss"]
[EventRounds "9"]
[EventCountry "FRA"]
[SourceTitle "CBM 155 Extra"]
[Source "ChessBase"]
[SourceDate "2013.08.26"]
[SourceVersion "1"]
[SourceVersionDate "2013.08.26"]
[SourceQuality "1"]

1. d4 d5 2. c4 e6 3. Nc3 c5 4. cxd5 exd5 5. Nf3 Nc6 6. dxc5 d4 7. Na4 Bxc5 8. Nxc5 Qa5+ 9. Bd2 Qxc5 10. Rc1 Qb6 11. e3 Nf6 12. Bc4 0-0 13. 0-0 Qd8 14. Nxd4 Nxd4 15. exd4 Bg4 16. Qb3 Qxd4 17. Bb4 b5 18. Bxf8 bxc4 19. Rxc4 Qd8 20. Bxg7 Kxg7 21. Qg3 h5 22. h3 Qd5 23. Rfc1 Ne4 24. Rxe4 Qxe4 25. hxg4 hxg4 26. Qc3+ f6 27. Re1 Qd5 28. Qb4 f5 29. Qe7+ Kg8 30. Qg5+ Kf8 31. Qf6+ Qf7 32. Qd6+ Kg8 33. Re7 1-0

[Event "Naujac op"]
[Site "Naujac"]
[Date "2013.07.02"]
[Round "3"]
[White "Zierke, Oliver"]
[Black "Gonzalez Fernandez, Jorge"]
[Result "0-1"]
[WhiteElo "2259"]
[BlackElo "1718"]
[PlyCount "63"]
[EventDate "2013.06.30"]
[EventType "swiss"]
[EventRounds "9"]
[EventCountry "FRA"]
[SourceTitle "CBM 155 Extra"]
[Source "ChessBase"]
[SourceDate "2013.08.26"]
[SourceVersion "1"]
[SourceVersionDate "2013.08.26"]
[SourceQuality "1"]

1. d4 Nf6 2. Nf3 g6 3. c4 c5 4. e3 Bg7 5. Nc3 b6 6. Be2 0-0 7. 0-0 Bb7 8. d5 d6 9. e4 Nbd7 10. Ne1 a6 11. a4 Ne8 12. f4 Nc7 13. Nf3 b5 14. axb5 axb5 15. Rxa8 Qxa8 16. cxb5 Nb6 17. Re1 Qa1 18. Qc2 Ra8 19. Bd2 Qa7 20. Be3 Bc8 21. Rd1 Qb7 22. Qb3 Bd7 23. h3 Nc8 24. e5 Rb8 25. Ra1 Nb6 26. Rd1 Nc8 27. Ra1 Nb6 28. Bf2 Ncxd5 29. Nxd5 Nxd5 30. Bc4 Be6 31. Ng5 Nxf4 32. Nf3 0-1

[Event "Bundesliga 1213"]
[Site "Germany"]
[Date "2013.02.02"]
[Round "7"]
[White "Zierke, Oliver"]
[Black "Holzke, Frank"]
[Result "1/2-1/2"]
[WhiteElo "2261"]
[BlackElo "2521"]
[PlyCount "160"]
[EventDate "2012.10.20"]
[EventType "team-tourn"]
[EventRounds "15"]
[EventCountry "GER"]
[SourceTitle "CBM 153"]
[Source "ChessBase"]
[SourceDate "2013.03.14"]
[SourceVersion "1"]
[SourceVersionDate "2013.03.14"]
[SourceQuality "1"]
[WhiteTeam "Norderstedt"]
[BlackTeam "Wattenscheid"]
[WhiteTeamCountry "GER"]
[BlackTeamCountry "GER"]

1. d4 d5 2. c4 c6 3. Nf3 Nf6 4. Nc3 dxc4 5. a4 Bf5 6. e3 e6 7. Bxc4 Bb4 8. 0-0 0-0 9. Nh4 Nbd7 10. Nxf5 exf5 11. f3 Rc8 12. Qb3 Qb6 13. Rd1 g6 14. Na2 Bd6 15. Qxb6 Nxb6 16. Bb3 Rfe8 17. Nc3 Nbd5 18. Nxd5 Nxd5 19. Kf2 h5 20. Bd2 h4 21. g3 Kg7 22. gxh4 Be7 23. Bxd5 Bxh4+ 24. Ke2 cxd5 25. Rac1 Rxc1 26. Rxc1 f4 27. e4 dxe4 28. Bxf4 Bf6 29. d5 Bxb2 30. Rb1 Be5 31. Bxe5+ Rxe5 32. Rxb7 exf3+ 33. Kxf3 Rxd5 34. Rxa7 Rd3+ 35. Kg4 Rd4+ 36. Kg3 g5 37. a5 Kg6 38. Ra8 Ra4 39. a6 Kf5 40. Ra7 f6 41. Ra8 Ra3+ 42. Kf2 Kf4 43. Rb8 Ra2+ 44. Kg1 Rxa6 45. Rb4+ Kf3 46. Rb3+ Kg4 47. Rb4+ Kh5 48. Kg2 f5 49. Rb8 Ra2+ 50. Kg3 Ra3+ 51. Kg2 g4 52. Rg8 Kh4 53. Rg7 Ra2+ 54. Kg1 f4 55. Rg8 Re2 56. Rg7 f3 57. Rg8 Rg2+ 58. Kh1 Kh5 59. Rg7 Ra2 60. Kg1 Re2 61. Rg8 Rg2+ 62. Kf1 Kh4 63. Rh8+ Kg5 64. Rg8+ Kh5 65. Rf8 Kg5 66. Rg8+ Kf5 67. Rf8+ Ke4 68. Re8+ Kd5 69. Rg8 Ke6 70. Ke1 Re2+ 71. Kf1 Re4 72. h3 gxh3 73. Rh8 Kf5 74. Rxh3 Kf4 75. Rh4+ Ke3 76. Rxe4+ Kxe4 77. Kf2 Kf4 78. Kf1 Ke3 79. Ke1 f2+ 80. Kf1 Kf3 1/2-1/2

[Event "BL2-Nord 1112"]
[Site "Germany"]
[Date "2012.02.05"]
[Round "6.6"]
[White "Zierke, Oliver"]
[Black "Asendorf, Joachim"]
[Result "0-1"]
[WhiteElo "2273"]
[BlackElo "2340"]
[PlyCount "88"]
[EventDate "2011.10.02"]
[EventType "team-tourn"]
[EventRounds "9"]
[EventCountry "GER"]
[SourceTitle "EXT 2015"]
[Source "ChessBase"]
[SourceDate "2014.11.20"]
[SourceVersion "1"]
[SourceVersionDate "2014.11.20"]
[SourceQuality "1"]
[WhiteTeam "Norderstedt"]
[BlackTeam "Werder Bremen II"]
[WhiteTeamCountry "GER"]
[BlackTeamCountry "GER"]

1. d4 d5 2. c4 e6 3. Nc3 c5 4. cxd5 exd5 5. Nf3 Nc6 6. g3 Nf6 7. Bg2 Be7 8. 0-0 0-0 9. Bg5 cxd4 10. Nxd4 h6 11. Be3 Re8 12. Rc1 Bf8 13. Nxc6 bxc6 14. Na4 Bd7 15. Bc5 Bxc5 16. Nxc5 Bg4 17. Re1 Qa5 18. h3 Bf5 19. Qa4 Qd2 20. Qf4 Qxf4 21. gxf4 Rab8 22. b3 g5 23. fxg5 hxg5 24. Na4 Bd7 25. Nc5 Bf5 26. Na4 Bd7 27. Rc5 Kg7 28. Ra5 Rh8 29. Rxa7 Bxh3 30. Rc1 Rb4 31. Bf3 Rd4 32. Nc5 Bf5 33. Ra4 Rd2 34. e3 g4 35. Bg2 g3 36. Rf4 Kg6 37. fxg3 Rxa2 38. Na4 Ng4 39. Rxc6+ Kg5 40. Rc3 Re8 41. Bxd5 Nxe3 42. Bxf7 Rg2+ 43. Kh1 Rh8+ 44. Rh4 Rxg3 0-1